000 00648nam a2200229Ia 4500
003 GCL
005 20240530101812.0
008 140319s9999 xx 000 0 ara d
040 _aGCL /
_cGCL
082 0 4 _a520
_bع م
100 1 _aعبدالرحيم بدر
245 1 0 _aالمحيرات الفلكية /
_cعبدالرحيم بدر
260 _a[S.N] :
_bمؤسسة الكويت للتقدم العلمى ،
_c1984
300 _a126 ص
650 0 4 _aالنجوم
650 0 4 _aالفلك
650 0 4 _aالعلوم
650 0 4 _aالكون
650 0 4 _aالكواكب
650 0 4 _aالفلك الرادارى
942 _2ddc
_cBK
999 _c27803
_d27803